Spell the Marvel Character #9 - Statistics

General Stats
  • This quiz has been taken 79 times
  • The average score is 5 of 6
Answer Stats
Picture Answer % Correct
She-Hulk
100%
Iron Man
98%
Rogue
88%
Echo
82%
Sersi
80%
Spider-Woman
80%
No matching quizzes found
Score Distribution
Percent of People with Each Score
Percentile by Number Answered
Your Score History
You have not taken this quiz